00521nam a22001337a 4500020001800000082002000018100002800038245008900066250000800155260003800163942000700201999001900208952016000227 a9788131516577 a346.048bBOU/IN aBouchoux, Deborah E933 aIntellectual property: the law of trademarks, copyrights, patents, and trade secrets a3rd aNew DelhibCengage Learningc2012 cBK c341327d341327 001040708General BoaKAUAETbKAUAETcGENd2013-03-30eAman Book Stall, Calicutl0o346.048 BOU/INpKAU_KCAEFT-24058r2025-09-03 00:00:00w2014-03-17yBK